1084 1760 1166 1694 1171 1977 1230 1817 1745 1391 1921 1181 1390 1091 1021 1903 1575 1502 1591 1051 1727 1889 1034 1487 1143 1322 1914 1963 1720 1760 1638 1848 1325 1955 1545 1678 1034 1228 1272 1849 1594 1480 1676 1812 1496 1137 1233 1347 1334 1474 1306 1150 1719 1409 1093 1406 1429 1195 1328 1500 1577 1959 1622 1369 1606 1834 1996 1253 1362 1706 1921 1142 1998 1454 1344 1150 1591 1732 1414 1168 1945 1933 1986 1655 1849 1803 1472 1118 1283 1796 1527 1549 1055 1331 1382 1490 1501 1266 1608 BCNSPRNW ULIB Ver.6.0+V

เปลี่ยนเป็นภาษาไทย

Change to English
 แสดงรายละเอียดบรรณานุกรม
  กลับหน้าหลัก

Brief Record : Get Marc (ISO 2709) : E-mail record : QR code < ปิดหน้าต่าง
LEADER : 00000nam 2200000uu 4500
001    13399122723
003     ULIB
008    020711s2555 th a 000 0 tha d
020    9786162132469
050  4 DS520^bบ273ก
100    บัวบูชา
245    การ์ดเกมส์เสริมความรู้อาเซียน/^cบัวบูชา
250    พิมพ์ครั้งที่ 1
260    กรุงเทพฯ :^bสกายบุ๊กส์,^c2555
440  0 ชุด ประชาคมอาเซียนฉบับการ์ตูน
650  7 อาเซียน^xเสริมความรู้
650  7 อาเซียน^xการ์ดเกมส์
945    ^p159^l0^i20165
999    ^aทศพร เกษรทอง
รายการนี้ยังไม่มีแท็ก
คุณยังไม่ได้ล็อกอิน คุณสามารถมีกิจกรรมร่วมกับเว็บไซต์ได้ แต่ต้องล็อกอินก่อน ::
  ล็อกอิน

รายการสื่อสารสนเทศ

ลำดับที่ ประเภท เลขเรียก/บาร์โค้ด สถานที่ สถานะ
1. การศึกษาทั่วไป
การศึกษาทั่วไป
DS520 บ273ก ฉ.1 
  Barcode: 20165
ห้องสมุดวิทยาเขตนครสวรรค์
►หนังสือทั่วไป:l:General Books
บนชั้น

รายการใกล้เคียง
    ผู้แต่ง [บัวบูชา]

BibComment


ยังไม่เคยถูกคอมเมนท์

คอมเมนท์ทรัพยากรรายการนี้
  คอมเมนท์: การ์ดเกมส์เสริมคว..


 Copyright 2026. Bcnsprnw @Library